MARC

LEADER 00000nam0a2200000 4500
001 234547
005 20231101231330.0
010 |a 9780230727069 
010 |a 978-0-2307-2703-8 
035 |a (RuTPU)RU\TPU\book\255671 
035 |a RU\TPU\book\92674 
090 |a 234547 
100 |a 20130326d2009 m y0engy50 ba 
101 0 |a eng 
102 |a US 
105 |a a j 000zy 
200 1 |a Advanced Language Practice. English Grammar and Vocabulary with key  |f M. Vince 
205 |a 3rd ed. 
210 |a Oxford  |c Macmillan  |d 2009 
215 |a 344 p.  |c il.  |e CD-ROM 
606 1 |a Английский язык  |x Учебные руководства и пособия  |x Пособия по развитию речи, разговорники  |2 stltpush  |3 (RuTPU)RU\TPU\subj\29074  |9 52486 
606 1 |a Английский язык  |x Учебные руководства и пособия для высшей школы  |x Пособия по грамматике  |2 stltpush  |3 (RuTPU)RU\TPU\subj\29073  |9 52485 
610 1 |a лексика 
610 1 |a грамматические трудности 
610 1 |a упражнения 
610 1 |a аутентичные материалы 
610 1 |a грамматические ошибки 
610 1 |a разговорная речь 
686 |a Ш143.21-923.4  |v LBC/SL-A  |2 rubbk 
686 |a Ш143.21-923.2  |v LBC/SL-A  |2 rubbk 
700 1 |a Vince  |b M.  |g Michael 
801 1 |a RU  |b 63413507  |c 20051124  |g PSBO 
801 2 |a RU  |b 63413507  |c 20170710  |g PSBO 
942 |c BK